书目信息 |
| 题名: |
施工企业主要负责人安全生产考核培训教材
|
|
| 作者: | 郭建清 , 李超 , 贾楠 主编 | |
| 分册: | ||
| 出版信息: | 北京 中国建材工业出版社 2022.01 |
|
| 页数: | 172页 | |
| 开本: | 26cm | |
| 丛书名: | 施工企业安全管理人员岗位考核培训丛书 | |
| 单 册: | ||
| 中图分类: | TU714 | |
| 科图分类: | ||
| 主题词: | 建筑施工企业--jian zhu shi gong qi ye--安全生产--岗位培训--教材 | |
| 电子资源: | ||
| ISBN: | 978-7-5160-3267-1 | |
| 000 | 01264nam 2200265 450 | |
| 001 | 24809 | |
| 005 | 20220918104023.21 | |
| 010 | @a978-7-5160-3267-1@dCNY47.00 | |
| 100 | @a20220329d2022 em y0chiy50 ea | |
| 101 | 0 | @achi |
| 102 | @aCN@b110000 | |
| 105 | @aa z 000yy | |
| 200 | 1 | @a施工企业主要负责人安全生产考核培训教材@Ashi gong qi ye zhu yao fu ze ren an quan sheng chan kao he pei xun jiao cai@f主编郭建清, 李超, 贾楠 |
| 210 | @a北京@c中国建材工业出版社@d2022.01 | |
| 215 | @a172页@c图@d26cm | |
| 225 | 2 | @a施工企业安全管理人员岗位考核培训丛书@Ashi gong qi ye an quan guan li ren yuan gang wei kao he pei xun cong shu |
| 330 | @a本书紧扣施工企业主要负责人 (A类) 考核要点, 详细介绍了现行国家安全生产政策、建筑施工安全生产法律法规、标准及规范, 重点阐述了施工企业安全生产管理的主要内容, 有侧重地介绍了土石方工程、模板工程、脚手架工程、高处作业、施工现场临时用电、消防、常用起重机械等方面安全管理基本规定。 | |
| 410 | 0 | @12001 @a施工企业安全管理人员岗位考核培训丛书 |
| 606 | 0 | @a建筑施工企业@Ajian zhu shi gong qi ye@x安全生产@x岗位培训@j教材 |
| 690 | @aTU714@v5 | |
| 701 | 0 | @a郭建清@Aguo jian qing@4主编 |
| 701 | 0 | @a李超@Ali chao@4主编 |
| 701 | 0 | @a贾楠@Ajia nan@4主编 |
| 801 | 0 | @aCN@c20220910 |
| 905 | @a河南城建学院图书馆@dTU714@eG800@f2 | |
| 施工企业主要负责人安全生产考核培训教材/主编郭建清, 李超, 贾楠.-北京:中国建材工业出版社,2022.01 |
| 172页:图;26cm.-(施工企业安全管理人员岗位考核培训丛书) |
| ISBN 978-7-5160-3267-1:CNY47.00 |
| 本书紧扣施工企业主要负责人 (A类) 考核要点, 详细介绍了现行国家安全生产政策、建筑施工安全生产法律法规、标准及规范, 重点阐述了施工企业安全生产管理的主要内容, 有侧重地介绍了土石方工程、模板工程、脚手架工程、高处作业、施工现场临时用电、消防、常用起重机械等方面安全管理基本规定。 |
| ● |
| 相关链接 |
|
|
|
正题名:施工企业主要负责人安全生产考核培训教材
索取号:TU714/G800
 
预约/预借
| 序号 | 登录号 | 条形码 | 馆藏地/架位号 | 状态 | 备注 |
| 1 | 1575235 | 215752353 | 建筑库201/201建筑库 25排3列3层/ [索取号:TU714/G800] | 在馆 | |
| 2 | 1575236 | 215752362 | 建筑库201/201建筑库 25排3列3层/ [索取号:TU714/G800] | 在馆 |